000 00451nam a22001817a 4500
003 CEME
005 20210628210302.0
008 210216b xxu||||| |||| 00| 0 eng d
020 _a969-0-00800-5
040 _c.
082 _a923.97 HAS
100 _aHasan Akhtar, Malik
_978842
245 _aIqbal aur muslim mufaqreen
260 _aLAHORE
_bFERZOE SONS
_c1992
300 _a259P
650 _aIQBALIAT BIOGRAPHY-IQBA
_978843
942 _cBK
_2ddc
999 _c583913
_d583913